Elements - Sudden Death - Statistics

General Stats
  • This quiz has been taken 219 times
  • The average score is 36 of 50
Answers on the Grid
Answers color-coded by a green-red scale on the quiz's grid according to % correct below.
Hydrogen
Oxygen
Helium
Carbon
Gold
Nitrogen
Silver
Lithium
Neon
Sodium
Potassium
Copper
Magnesium
Boron
Argon
Chlorine
Aluminum
Beryllium
Fluorine
Calcium
Sulfur
Uranium
Zinc
Phosphorus
Silicon
Xenon
Titanium
Lead
Mercury
Iodine
Nickel
Manganese
Krypton
Cobalt
Plutonium
Einsteinium
Platinum
Bromine
Radon
Germanium
Radium
Arsenic
Francium
Tungsten
Chromium
Gallium
Barium
Selenium
Vanadium
Caesium
Webbium
Iumium
Quizmasterium
Jeppium
Googlium
Russium
Texium
Italium
Spanium
Swedium
Englium
Scotlium
Walium
Irelium
Switzerlium
Gagarine
Armstrontinium
Buzzine
Aldrine
Sandogen
Solaris
Hydronium
Marbline
Ruby
Emerald
Bronze
Sapphire
Topaz
Steel
Sugar
 
Answer Stats
Answer % Correct
Atomic # 79 Gold
80%
Atomic # 10 Neon
80%
Atomic # 2 Helium
79%
Atomic # 8 Oxygen
79%
Atomic # 54 Xenon
79%
Atomic # 28 Nickel
78%
Atomic # 15 Phosphorus
78%
Atomic # 13 Aluminum
77%
Atomic # 1 Hydrogen
77%
Atomic # 3 Lithium
77%
Atomic # 7 Nitrogen
77%
Atomic # 92 Uranium
77%
Atomic # 30 Zinc
77%
Atomic # 12 Magnesium
76%
Atomic # 47 Silver
76%
Atomic # 6 Carbon
75%
Atomic # 17 Chlorine
75%
Atomic # 9 Fluorine
75%
Atomic # 88 Radium
75%
Atomic # 11 Sodium
75%
Atomic # 20 Calcium
74%
Atomic # 86 Radon
74%
Atomic # 18 Argon
73%
Atomic # 4 Beryllium
73%
Atomic # 24 Chromium
73%
Atomic # 27 Cobalt
73%
Atomic # 80 Mercury
73%
Atomic # 94 Plutonium
73%
Atomic # 16 Sulfur
73%
Atomic # 29 Copper
72%
Atomic # 22 Titanium
72%
Atomic # 14 Silicon
71%
Atomic # 35 Bromine
70%
Atomic # 32 Germanium
70%
Atomic # 19 Potassium
70%
Atomic # 53 Iodine
69%
Atomic # 31 Gallium
68%
Atomic # 82 Lead
68%
Atomic # 25 Manganese
68%
Atomic # 78 Platinum
67%
Atomic # 56 Barium
66%
Atomic # 5 Boron
66%
Atomic # 87 Francium
66%
Atomic # 74 Tungsten
64%
Atomic # 33 Arsenic
63%
Atomic # 36 Krypton
63%
Atomic # 99 Einsteinium
62%
Atomic # 34 Selenium
60%
Atomic # 55 Caesium
58%
Atomic # 23 Vanadium
52%
No matching quizzes found
Score Distribution
Percent of People with Each Score
Percentile by Number Answered
Your Score History
You have not taken this quiz